000 01523cam a2200397 a 4500
999 _c853
_d853
001 13098260
003 GZU
005 20200915114559.0
008 030221s2003 cu b 001 0deng
010 _a 2003102876
020 _a9780981439884
035 _a(DLC) 2003102876
040 _aDLC
_cDLC
_dDLC
041 1 _aeng
_hspa
043 _anwcu---
050 0 0 _aF1787.5
_b.GUE 2003
082 0 0 _a972.9106/3
_222
100 1 _aGuevara, Che,
_d1928-1967.
240 1 0 _aWorks.
_kSelections.
_lEnglish.
_f2003
245 1 0 _aChe Guevara reader /
_cedited by David Deutschmann.
250 _a2nd, expanded ed.
260 _aHavana :
_bCentro de Estudios Che Guevara ;
_aMelbourne ;
_aNew York :
_bOcean Press,
_cc2003.
300 _a437 p. ;
_c23 cm.
504 _aIncludes bibliographical references (p. [414]-431) and index.
650 0 _aWorld politics
_y1955-1965.
650 0 _aGuerrilla warfare.
650 0 _aCommunism.
651 0 _aCuba
_xHistory
_y1933-1959.
651 0 _aCuba
_xPolitics and government
_y1959-1990.
700 1 _aDeutschmann, David.
856 4 2 _3Publisher description
_uhttp://www.loc.gov/catdir/description/cons041/2003102876.html
856 4 2 _3Contributor biographical information
_uhttp://www.loc.gov/catdir/enhancements/fy1007/2003102876-b.html
906 _a7
_bcbc
_corignew
_d2
_eepcn
_f20
_gy-gencatlg
942 _2lcc
_cBK
_h1787.5
_iGUE
_k2003